[Event "Cipressina op-A 2nd"]
[Site "Venice"]
[Date "2013.12.01"]
[Round "5"]
[White "Roberti, Ignazio"]
[Black "Militello, Michele"]
[Result "0-1"]
[WhiteElo "1872"]
[BlackElo "1796"]
[PlyCount "158"]
[EventDate "2013.11.29"]
[EventType "swiss"]
[EventRounds "5"]
[EventCountry "ITA"]
[SourceTitle "EXT 2015"]
[Source "ChessBase"]
[SourceDate "2014.11.20"]
[SourceVersion "1"]
[SourceVersionDate "2014.11.20"]
[SourceQuality "1"]

1. Nf3 Nf6 2. b3 d6 3. Bb2 Nbd7 4. e3 e5 5. d4 e4 6. Nfd2 d5 7. c4 c6 8. Nc3 Be7 9. Be2 0-0 10. Qc2 a6 11. a4 Nb8 12. a5 Be6 13. c5 Ne8 14. Nf1 f5 15. Ng3 f4 16. Nh5 fxe3 17. fxe3 Bg5 18. Qd2 g6 19. Nf4 Bxf4 20. exf4 Ng7 21. b4 Nd7 22. 0-0-0 Qc7 23. g3 Rae8 24. Kb1 Re7 25. Ka1 Rfe8 26. Rde1 Nf6 27. Nd1 Bg4 28. Ne3 Bxe2 29. Rxe2 Qd7 30. h3 Nf5 31. Qe1 Nxe3 32. Rxe3 Nh5 33. Qf2 Ng7 34. g4 Rf7 35. Bc1 Ne6 36. Re2 Ng5 37. Be3 Nf3 38. Qg3 Qe7 39. h4 Qf6 40. g5 Qf5 41. h5 Ree7 42. Qh3 Qxh3 43. Rxh3 Rg7 44. Rc2 Rd7 45. Rc1 Kf7 46. hxg6+ hxg6 47. Rh8 Ke6 48. Rf8 Rdf7 49. Rxf7 Kxf7 50. Rh1 Ke6 51. Rh8 Kf5 52. Rf8+ Kg4 53. Rf6 Ne1 54. Kb2 Nd3+ 55. Kc3 Kf3 56. Bd2 Ke2 57. Re6 Nxb4 58. Re8 Nd3 59. Re6 Kf3 60. Rf6 Ke2 61. Kc2 Ne1+ 62. Kc3 Nf3 63. Bc1 Nh4 64. Re6 Nf5 65. Rf6 Kd1 66. Bb2 e3 67. Kd3 e2 68. Bc3 e1Q 69. Bxe1 Kxe1 70. Rf8 Kf2 71. Rh8 Kg3 72. Rh1 Kxf4 73. Rg1 Re7 74. Rg2 Re3+ 75. Kd2 Ra3 76. Rg1 Rxa5 77. Kc3 Rb5 78. Rg2 Ne3 79. Rg1 Ng4 0-1

[Event "Pescia op-A 5th"]
[Site "Pescia"]
[Date "2013.10.12"]
[Round "2"]
[White "Menchetti, Carlo"]
[Black "Militello, Michele"]
[Result "1/2-1/2"]
[WhiteElo "1907"]
[BlackElo "1803"]
[PlyCount "42"]
[EventDate "2013.10.11"]
[EventType "swiss"]
[EventRounds "5"]
[EventCountry "ITA"]
[SourceTitle "EXT 2015"]
[Source "ChessBase"]
[SourceDate "2014.11.20"]
[SourceVersion "1"]
[SourceVersionDate "2014.11.20"]
[SourceQuality "1"]

1. e4 d6 2. d4 Nf6 3. Nc3 Nbd7 4. Nf3 e5 5. Be2 Be7 6. 0-0 0-0 7. h3 c6 8. a4 a5 9. Be3 Qc7 10. Nd2 Nb6 11. f4 exd4 12. Bxd4 Nfd7 13. Qe1 Bf6 14. Be3 Bxc3 15. bxc3 Nc5 16. Qg3 Qe7 17. Bd3 Re8 18. Bd4 f6 19. Rae1 Nxd3 20. cxd3 c5 21. Bf2 Bd7 1/2-1/2

[Event "Pescia op-A 5th"]
[Site "Pescia"]
[Date "2013.10.12"]
[Round "3"]
[White "Militello, Michele"]
[Black "Paoli, Walter"]
[Result "0-1"]
[WhiteElo "1803"]
[BlackElo "2011"]
[PlyCount "108"]
[EventDate "2013.10.11"]
[EventType "swiss"]
[EventRounds "5"]
[EventCountry "ITA"]
[SourceTitle "EXT 2015"]
[Source "ChessBase"]
[SourceDate "2014.11.20"]
[SourceVersion "1"]
[SourceVersionDate "2014.11.20"]
[SourceQuality "1"]

1. d4 Nf6 2. Nf3 d6 3. e3 Nbd7 4. Bd3 e5 5. Nbd2 Be7 6. 0-0 0-0 7. c3 c6 8. Qe2 Qc7 9. dxe5 dxe5 10. e4 Rd8 11. Bc4 b5 12. Bb3 Nc5 13. Bc2 Bb7 14. b4 Ne6 15. Nb3 Nd7 16. Be3 a6 17. Na5 c5 18. Nxb7 Qxb7 19. a3 c4 20. Ra2 f6 21. Rfa1 Nc7 22. h3 Qc6 23. Nd2 Nb6 24. Nf1 Na4 25. Qe1 Rd7 26. f3 Rad8 27. Ng3 g6 28. Ne2 Ne6 29. Kh2 Bd6 30. Rd1 Bc7 31. Rxd7 Rxd7 32. Bxa4 bxa4 33. Rd2 Nf8 34. Rxd7 Nxd7 35. Qd2 Kf7 36. Ng3 Ke6 37. Nf1 f5 38. exf5+ gxf5 39. f4 Qd5 40. g3 Nf6 41. fxe5 Bxe5 42. Bd4 Bxd4 43. cxd4 Qf3 44. Qe3+ Qxe3 45. Nxe3 c3 46. Kg2 Nd5 47. Nc2 Nc7 48. Kf3 Kd5 49. Ke3 Kc4 50. Kf4 Kb3 51. Ne3 Kxa3 52. Kxf5 Kb3 53. d5 Nxd5 54. Nxd5 c2 0-1

[Event "Mogliano Veneto op-B 34th"]
[Site "Mogliano Veneto"]
[Date "2013.04.28"]
[Round "5"]
[White "Militello, Michele"]
[Black "Zamengo, Bruno"]
[Result "0-1"]
[WhiteElo "1801"]
[BlackElo "1900"]
[PlyCount "80"]
[EventDate "2013.04.25"]
[EventType "swiss"]
[EventRounds "6"]
[EventCountry "ITA"]
[SourceTitle "EXT 2015"]
[Source "ChessBase"]
[SourceDate "2014.11.20"]
[SourceVersion "1"]
[SourceVersionDate "2014.11.20"]
[SourceQuality "1"]

1. d4 Nf6 2. Nf3 g6 3. Bg5 Bg7 4. h3 c5 5. Bxf6 Bxf6 6. e3 cxd4 7. exd4 Qb6 8. b3 Nc6 9. c3 d5 10. Bd3 Bd7 11. 0-0 0-0 12. Qe2 e5 13. dxe5 Rfe8 14. Qc2 Nxe5 15. Nxe5 Bxe5 16. a4 Rac8 17. Qd2 Qxb3 18. Ra3 Qb6 19. c4 Bd6 20. a5 Qc5 21. cxd5 Qxd5 22. Ra2 Bc6 23. f3 Bb4 24. Be4 Qc5+ 25. Qf2 Bxe4 26. fxe4 Rxe4 27. Kh1 Qxf2 28. Raxf2 Rc7 29. Ra2 Re5 30. a6 bxa6 31. Rxa6 Rec5 32. Rd6 Rc1 33. Rdd1 Rxd1 34. Rxd1 Re7 35. Rd8+ Kg7 36. Nd2 Re1+ 37. Kh2 Rd1 38. Ra8 Bd6+ 39. g3 Rxd2+ 40. Kg1 Bxg3 0-1

[Event "Mogliano Veneto op-B 34th"]
[Site "Mogliano Veneto"]
[Date "2013.04.27"]
[Round "4"]
[White "Bortolotto, Denzio"]
[Black "Militello, Michele"]
[Result "0-1"]
[WhiteElo "1815"]
[BlackElo "1801"]
[PlyCount "72"]
[EventDate "2013.04.25"]
[EventType "swiss"]
[EventRounds "6"]
[EventCountry "ITA"]
[SourceTitle "EXT 2015"]
[Source "ChessBase"]
[SourceDate "2014.11.20"]
[SourceVersion "1"]
[SourceVersionDate "2014.11.20"]
[SourceQuality "1"]

1. d4 d6 2. Nf3 Nf6 3. g3 Nbd7 4. Bg2 g6 5. 0-0 Bg7 6. Bg5 0-0 7. Nbd2 h6 8. Bf4 Nd5 9. e4 Nxf4 10. gxf4 e5 11. fxe5 dxe5 12. dxe5 Nxe5 13. Nxe5 Bxe5 14. c3 Qe7 15. f4 Bg7 16. Kh1 Rd8 17. Qe1 Rb8 18. Nf3 b6 19. Qe3 c5 20. Rae1 Ba6 21. Rf2 Rd3 22. Qc1 Rbd8 23. Bf1 c4 24. Bg2 Qc5 25. Ref1 Bb7 26. Qe1 Qh5 27. e5 Qg4 28. Nd4 Bxg2+ 29. Rxg2 Qh3 30. Rfg1 Re3 31. Qf1 Qc8 32. Qf2 Rd3 33. Qe2 Re8 34. Nb5 Qc5 35. Nd4 Qd5 36. h4 Rh3# 0-1

[Event "Trieste op 14th"]
[Site "Trieste"]
[Date "2012.09.05"]
[Round "6"]
[White "Militello, Michele"]
[Black "Vesce, Emanuele"]
[Result "1/2-1/2"]
[WhiteElo "1798"]
[BlackElo "1903"]
[PlyCount "119"]
[EventDate "2012.09.01"]
[EventType "swiss"]
[EventRounds "9"]
[EventCountry "ITA"]
[SourceTitle "CBM 150 Extra"]
[Source "ChessBase"]
[SourceDate "2012.10.19"]
[SourceVersion "1"]
[SourceVersionDate "2012.10.19"]
[SourceQuality "1"]

1. d4 Nf6 2. Nf3 g6 3. c4 Bg7 4. Nc3 d5 5. Bg5 Ne4 6. cxd5 Nxg5 7. Nxg5 e6 8. Nf3 exd5 9. e3 0-0 10. b4 a5 11. b5 c5 12. bxc6 bxc6 13. Rc1 Re8 14. Be2 Nd7 15. Na4 Qf6 16. 0-0 Ba6 17. Bxa6 Rxa6 18. Qd3 Ra7 19. Rc2 Rc8 20. Rfc1 Qd6 21. Qd1 Rac7 22. Nc5 Bf8 23. Nxd7 Qxd7 24. Ne5 Qe6 25. Nd3 h5 26. Nc5 Qf6 27. Qf3 Qd6 28. g3 Qd8 29. Qe2 Qd6 30. Qa6 h4 31. gxh4 Qd8 32. Qf1 Qxh4 33. Qg2 Qf6 34. Qg4 Qd6 35. Na6 f5 36. Qg3 Qxg3+ 37. hxg3 Ba3 38. Nxc7 Bxc1 39. Nxd5 Rb8 40. Rxc1 cxd5 41. Rc5 a4 42. Rxd5 Rb2 43. Rd7 Rxa2 44. Ra7 a3 45. Kg2 Ra1 46. Kf3 g5 47. g4 a2 48. gxf5 g4+ 49. Kf4 g3 50. Kf3 gxf2 51. Kxf2 Rh1 52. Kf3 a1Q 53. Rxa1 Rxa1 54. Kf4 Kf7 55. Ke5 Ra6 56. d5 Ke7 57. e4 Rb6 58. Kf4 Rb4 59. Ke5 Rb6 60. Kf4 1/2-1/2

[Event "Trieste op 14th"]
[Site "Trieste"]
[Date "2012.09.04"]
[Round "5"]
[White "Santeramo, Alessia Carmen"]
[Black "Militello, Michele"]
[Result "1-0"]
[WhiteElo "1866"]
[BlackElo "1798"]
[PlyCount "109"]
[EventDate "2012.09.01"]
[EventType "swiss"]
[EventRounds "9"]
[EventCountry "ITA"]
[SourceTitle "CBM 150 Extra"]
[Source "ChessBase"]
[SourceDate "2012.10.19"]
[SourceVersion "1"]
[SourceVersionDate "2012.10.19"]
[SourceQuality "1"]

1. e4 d6 2. d4 Nf6 3. Nc3 Nbd7 4. Nf3 e5 5. Bc4 Be7 6. 0-0 0-0 7. Re1 c6 8. a4 a5 9. h3 Nb6 10. Bb3 Nfd7 11. Be3 exd4 12. Nxd4 Nc5 13. Nf5 Bxf5 14. exf5 Nxb3 15. cxb3 Re8 16. Qg4 Nd7 17. Qg3 d5 18. Rad1 Bf6 19. Bf4 Qb6 20. Ne4 Rxe4 21. Rxe4 dxe4 22. Rxd7 Re8 23. Qe3 Qxe3 24. Bxe3 Bxb2 25. Rxb7 g6 26. fxg6 hxg6 27. Rb6 Rc8 28. Bc5 Bc3 29. Kf1 Kg7 30. Ke2 f5 31. f3 exf3+ 32. Kxf3 Kf6 33. Rb7 Ke6 34. Be7 Bd2 35. Ke2 Bc3 36. Kd3 Be1 37. Kc4 Bf2 38. b4 axb4 39. Bxb4 Ra8 40. a5 Kf6 41. Rd7 Ra6 42. Kd3 Kg5 43. Bd2+ Kf6 44. g4 fxg4 45. hxg4 Bg1 46. Rd6+ Kf7 47. g5 Bh2 48. Rf6+ Ke7 49. Rxg6 Bc7 50. Rg7+ Kd8 51. g6 Bxa5 52. Bxa5+ Rxa5 53. Rb7 Rg5 54. g7 Kc8 55. Rf7 1-0

[Event "Trieste op 14th"]
[Site "Trieste"]
[Date "2012.09.02"]
[Round "3"]
[White "Litrico, Paolo"]
[Black "Militello, Michele"]
[Result "1-0"]
[WhiteElo "1976"]
[BlackElo "1798"]
[PlyCount "149"]
[EventDate "2012.09.01"]
[EventType "swiss"]
[EventRounds "9"]
[EventCountry "ITA"]
[SourceTitle "CBM 150 Extra"]
[Source "ChessBase"]
[SourceDate "2012.10.19"]
[SourceVersion "1"]
[SourceVersionDate "2012.10.19"]
[SourceQuality "1"]

1. d4 d6 2. Nf3 Nf6 3. Nc3 Nbd7 4. e4 e5 5. g4 h6 6. g5 hxg5 7. Nxg5 exd4 8. Qxd4 c6 9. f4 b5 10. Be3 Ng4 11. h3 Nxe3 12. Qxe3 Qb6 13. Qd2 Nc5 14. e5 d5 15. 0-0-0 Be6 16. Bg2 0-0-0 17. Rhf1 f6 18. Nxe6 Nxe6 19. f5 Bc5 20. Rde1 Ng5 21. e6 Be7 22. Qd3 Rh4 23. Ne2 Ra4 24. Kb1 Ne4 25. Bxe4 Rxe4 26. Rf4 Re3 27. Qd1 Rxh3 28. Rg4 Rh7 29. Nf4 Qc5 30. Reg1 Qd6 31. Qd2 Kb7 32. Rxg7 Rdh8 33. Rxh7 Rxh7 34. a3 Kb6 35. Qf2+ Ka6 36. Ng6 Rh2 37. Qg3 Rh1 38. Qg2 Rh2 39. Qg3 Rh1 40. Qe1 Rh2 41. Rh1 Rxh1 42. Qxh1 Qc5 43. Qe1 Kb6 44. Qh1 b4 45. axb4 Qxb4 46. c3 Qc5 47. Qd1 Kc7 48. Qa4 Kb7 49. Qd4 Qd6 50. Qh4 Kb6 51. Qh7 Bd8 52. e7 Bxe7 53. Qxe7 Qxe7 54. Nxe7 Kc7 55. Ng8 Kd6 56. Nxf6 Ke5 57. Nd7+ Kxf5 58. Nb8 c5 59. Nd7 c4 60. Nb8 Ke6 61. Nc6 a6 62. Nd4+ Kd6 63. Kc2 Kc5 64. Kd2 Kd6 65. Ke3 Kd7 66. Kf4 Kd6 67. Kf5 a5 68. Kf6 a4 69. Kf5 Kc5 70. Ke5 a3 71. bxa3 Kb6 72. Kxd5 Ka5 73. Kxc4 Ka4 74. Ne6 Kxa3 75. Kb5 1-0

[Event "Pescia op-A 4th"]
[Site "Pescia"]
[Date "2011.09.17"]
[Round "3"]
[White "Benedettini, Adriano"]
[Black "Militello, Michele"]
[Result "0-1"]
[WhiteElo "1720"]
[BlackElo "1851"]
[PlyCount "83"]
[EventDate "2011.09.16"]
[EventType "swiss"]
[EventRounds "5"]
[EventCountry "ITA"]
[SourceTitle "EXT 2015"]
[Source "ChessBase"]
[SourceDate "2014.11.20"]
[SourceVersion "1"]
[SourceVersionDate "2014.11.20"]
[SourceQuality "1"]

1. d4 d6 2. c4 Nf6 3. Nc3 Nbd7 4. Nf3 e5 5. dxe5 dxe5 6. Bg5 Be7 7. Bxf6 Bxf6 8. e4 c6 9. Be2 0-0 10. Qc2 Qc7 11. 0-0 Nc5 12. Rad1 a5 13. Na4 Nxa4 14. Qxa4 Bg4 15. Qc2 Rfd8 16. h3 Bxf3 17. Bxf3 Rd4 18. Rxd4 exd4 19. Qd3 c5 20. Bg4 a4 21. f4 Re8 22. e5 Bd8 23. Bd1 Qa5 24. Bc2 g6 25. g3 Bc7 26. h4 Re6 27. h5 Bd8 28. hxg6 hxg6 29. f5 Rxe5 30. fxg6 f6 31. g7 Rh5 32. Qg6 Qd2 33. Qxh5 Qe3+ 34. Rf2 Kxg7 35. Qh7+ Kf8 36. Qh8+ Ke7 37. Bxa4 Qxg3+ 38. Rg2 Qe1+ 39. Kh2 Bc7+ 40. Rg3 Bxg3+ 41. Kg2 Qf2+ 42. Kh1 0-1

[Event "Torino 150 Italy Unity op B"]
[Site "Torino"]
[Date "2011.06.04"]
[Round "6"]
[White "Abbura, Davide"]
[Black "Militello, Michele"]
[Result "0-1"]
[WhiteElo "1706"]
[BlackElo "1811"]
[PlyCount "74"]
[EventDate "2011.05.31"]
[EventType "swiss"]
[EventRounds "9"]
[EventCountry "ITA"]
[SourceTitle "EXT 2024"]
[Source "ChessBase"]
[SourceDate "2023.10.10"]
[SourceVersion "1"]
[SourceVersionDate "2023.10.10"]
[SourceQuality "1"]

1. e4 d6 2. d4 Nf6 3. Nc3 Nbd7 4. Nf3 e5 5. dxe5 dxe5 6. a3 Be7 7. Bg5 0-0 8. Bd3 c6 9. 0-0 Qc7 10. Qe2 b5 11. Nh4 g6 12. f4 exf4 13. Bxf4 Bd6 14. g3 Be5 15. Ng2 Nc5 16. Bxe5 Qxe5 17. Qf2 Kg7 18. Qf4 Re8 19. Qxe5 Rxe5 20. Rae1 Bh3 21. b4 Ne6 22. Nd1 Ng5 23. Nf2 Nf3+ 24. Kh1 Bxg2+ 25. Kxg2 Nxe1+ 26. Rxe1 a5 27. c4 axb4 28. axb4 Ra2 29. Kf3 g5 30. h3 h5 31. Rc1 Rb2 32. cxb5 cxb5 33. Bc2 Re7 34. Nd3 Ra2 35. e5 Nd7 36. Bb1 Rh2 37. Nc5 Nxe5+ 0-1

[Event "Torino 150 Italy Unity op B"]
[Site "Torino"]
[Date "2011.06.04"]
[Round "7"]
[White "Militello, Michele"]
[Black "Riccardi, Mauro"]
[Result "1/2-1/2"]
[WhiteElo "1811"]
[BlackElo "1833"]
[PlyCount "43"]
[EventDate "2011.05.31"]
[EventType "swiss"]
[EventRounds "9"]
[EventCountry "ITA"]
[SourceTitle "EXT 2024"]
[Source "ChessBase"]
[SourceDate "2023.10.10"]
[SourceVersion "1"]
[SourceVersionDate "2023.10.10"]
[SourceQuality "1"]

1. d4 Nf6 2. Nf3 g6 3. c4 Bg7 4. Nc3 d5 5. Bg5 Ne4 6. cxd5 Nxg5 7. Nxg5 e6 8. Nf3 exd5 9. e3 0-0 10. Rc1 c6 11. Bd3 a5 12. 0-0 Bg4 13. h3 Bxf3 14. Qxf3 f5 15. g3 Qd6 16. Na4 Nd7 17. b3 Qe6 18. Kg2 Rf7 19. Nc5 Nxc5 20. Rxc5 Bf8 21. Rc2 Bd6 22. h4 1/2-1/2

[Event "Torino 150 Italy Unity op B"]
[Site "Torino"]
[Date "2011.06.02"]
[Round "4"]
[White "Guerra, Mirko"]
[Black "Militello, Michele"]
[Result "1/2-1/2"]
[WhiteElo "1674"]
[BlackElo "1811"]
[PlyCount "67"]
[EventDate "2011.05.31"]
[EventType "swiss"]
[EventRounds "9"]
[EventCountry "ITA"]
[SourceTitle "EXT 2024"]
[Source "ChessBase"]
[SourceDate "2023.10.10"]
[SourceVersion "1"]
[SourceVersionDate "2023.10.10"]
[SourceQuality "1"]

1. d3 e5 2. Nf3 d6 3. g3 Be7 4. Bg2 Nf6 5. 0-0 c6 6. c4 Qc7 7. Nbd2 h6 8. b4 Be6 9. Bb2 0-0 10. c5 Nbd7 11. cxd6 Bxd6 12. a3 Rad8 13. Rc1 Qb8 14. Nc4 Bc7 15. Qc2 Rfe8 16. Rfd1 Nh7 17. e4 Nhf8 18. d4 exd4 19. Nxd4 Bxc4 20. Qxc4 Nb6 21. Qb3 Be5 22. f4 Bxd4+ 23. Bxd4 Ne6 24. Be5 Qa8 25. Bh3 Nd7 26. Bc7 Nxc7 27. Rxd7 Rxd7 28. Bxd7 Re7 29. Bf5 Qe8 30. e5 Ne6 31. Rd1 g6 32. Bc2 Rd7 33. Rxd7 Qxd7 34. Qd3 1/2-1/2

[Event "Mestre Ragazzini Memorial 2nd"]
[Site "Mestre"]
[Date "2011.05.22"]
[Round "4"]
[White "Battagin, Mose"]
[Black "Militello, Michele"]
[Result "1-0"]
[WhiteElo "1913"]
[BlackElo "1811"]
[PlyCount "121"]
[EventDate "2011.05.20"]
[EventType "swiss"]
[EventRounds "5"]
[EventCountry "ITA"]
[SourceTitle "EXT 2022"]
[Source "ChessBase"]
[SourceDate "2021.10.06"]
[SourceVersion "1"]
[SourceVersionDate "2021.10.06"]
[SourceQuality "1"]

1. e4 d6 2. d4 Nf6 3. Nc3 Nbd7 4. Nf3 e5 5. dxe5 dxe5 6. Bc4 Be7 7. Bxf7+ Kxf7 8. Ng5+ Kg8 9. Ne6 Qe8 10. Nxc7 Qg6 11. Qf3 Rb8 12. Be3 b6 13. N7d5 Nxd5 14. Nxd5 Qf7 15. Qg3 Bb7 16. c4 Bxd5 17. cxd5 Rc8 18. 0-0 Bd6 19. Rac1 Rxc1 20. Rxc1 Qf8 21. Qg4 Qe7 22. Bh6 Nf8 23. Rc6 Bc5 24. Rc8 Qf7 25. Qg3 Qf6 26. Bd2 a5 27. Bc3 Bd6 28. Rc6 Nd7 29. Qg4 Nf8 30. Rxb6 Qh6 31. h3 Qc1+ 32. Kh2 h5 33. Qe2 Bc5 34. Rc6 Qf4+ 35. Kg1 Bd4 36. Bd2 Qf7 37. Bxa5 Ng6 38. Rc8+ Nf8 39. Bb4 Kh7 40. Rc6 g6 41. d6 Ne6 42. b3 Rd8 43. Be1 Rf8 44. a4 Ba7 45. Qf1 Qf4 46. Ra6 Bc5 47. b4 Be3 48. d7 Nd8 49. Rd6 g5 50. Rd3 Ba7 51. Rf3 Qxf3 52. gxf3 Rxf3 53. Qg2 Rf6 54. b5 Bb6 55. a5 Bd4 56. b6 Ne6 57. Qf1 Rf8 58. Qc4 Nc5 59. Qd5 Rd8 60. Qf7+ Kh6 61. Qf6+ 1-0

[Event "Mestre Ragazzini Memorial 2nd"]
[Site "Mestre"]
[Date "2011.05.21"]
[Round "2"]
[White "Dal Bianco, Nicola"]
[Black "Militello, Michele"]
[Result "0-1"]
[WhiteElo "1610"]
[BlackElo "1811"]
[PlyCount "64"]
[EventDate "2011.05.20"]
[EventType "swiss"]
[EventRounds "5"]
[EventCountry "ITA"]
[SourceTitle "EXT 2022"]
[Source "ChessBase"]
[SourceDate "2021.10.06"]
[SourceVersion "1"]
[SourceVersionDate "2021.10.06"]
[SourceQuality "1"]

1. c4 e5 2. Nc3 Nf6 3. Nf3 d6 4. g3 Be7 5. Bg2 0-0 6. 0-0 c6 7. Qc2 a5 8. d4 Qc7 9. Bg5 h6 10. Bxf6 Bxf6 11. dxe5 dxe5 12. Ne4 Be7 13. Qc3 f5 14. Ned2 e4 15. Nd4 Bf6 16. c5 Qe5 17. e3 Re8 18. a3 a4 19. Rab1 Nd7 20. Rfc1 Nf8 21. b4 Ne6 22. Nc4 Nxd4 23. Kf1 Nb5 24. Qc2 Be7 25. Nb6 Ra6 26. Nxa4 Be6 27. Nb2 Nxa3 28. Qe2 Nxb1 29. Rxb1 Rea8 30. Nc4 Bxc4 31. Qxc4+ Kf8 32. Qc1 Ra1 0-1

[Event "Mestre Ragazzini Memorial 2nd"]
[Site "Mestre"]
[Date "2011.05.21"]
[Round "3"]
[White "Militello, Michele"]
[Black "Scandiuzzi, Roberto"]
[Result "1-0"]
[WhiteElo "1811"]
[BlackElo "1323"]
[PlyCount "72"]
[EventDate "2011.05.20"]
[EventType "swiss"]
[EventRounds "5"]
[EventCountry "ITA"]
[SourceTitle "EXT 2022"]
[Source "ChessBase"]
[SourceDate "2021.10.06"]
[SourceVersion "1"]
[SourceVersionDate "2021.10.06"]
[SourceQuality "1"]

1. d4 d5 2. Nf3 Nf6 3. e3 e6 4. Bd3 c5 5. b3 cxd4 6. exd4 b6 7. 0-0 Ba6 8. Bb2 Bxd3 9. Qxd3 Be7 10. Nbd2 0-0 11. Ne5 Qc7 12. Rac1 Nbd7 13. f4 Rac8 14. Rf3 h6 15. Kh1 Nxe5 16. fxe5 Nh7 17. c4 Qd7 18. Rcf1 Bg5 19. cxd5 Qxd5 20. Ne4 f5 21. Nc3 Qb7 22. d5 exd5 23. Rxf5 Rxf5 24. Qxf5 Rf8 25. Qe6+ Kh8 26. Rxf8+ Nxf8 27. Qxd5 Qxd5 28. Nxd5 Ne6 29. g3 Bd8 30. Nf4 Nxf4 31. gxf4 Kg8 32. b4 Kf7 33. e6+ Kf8 34. Kg2 Bf6 35. Bxf6 gxf6 36. Kf3 Ke7 1-0

[Event "Mestre Ragazzini Memorial 2nd"]
[Site "Mestre"]
[Date "2011.05.20"]
[Round "1"]
[White "Militello, Michele"]
[Black "Esposito, Ivan"]
[Result "0-1"]
[WhiteElo "1811"]
[BlackElo "1455"]
[PlyCount "137"]
[EventDate "2011.05.20"]
[EventType "swiss"]
[EventRounds "5"]
[EventCountry "ITA"]
[SourceTitle "EXT 2022"]
[Source "ChessBase"]
[SourceDate "2021.10.06"]
[SourceVersion "1"]
[SourceVersionDate "2021.10.06"]
[SourceQuality "1"]

1. d4 Nf6 2. Nf3 d5 3. e3 c6 4. c4 e6 5. Nbd2 Bd6 6. Bd3 Nbd7 7. 0-0 0-0 8. Re1 Re8 9. e4 dxe4 10. Nxe4 Nxe4 11. Rxe4 h6 12. Ne5 f5 13. Re1 Bxe5 14. dxe5 Qc7 15. Qe2 b6 16. b3 Bb7 17. Bb2 Rad8 18. Rad1 Nb8 19. Bb1 Na6 20. Ba3 c5 21. Bb2 Nb4 22. f3 Rxd1 23. Rxd1 Rd8 24. Bc3 Nc6 25. Rxd8+ Qxd8 26. Qd3 Kf8 27. Qxd8+ Nxd8 28. Kf2 Ke8 29. g4 g6 30. h4 Kf7 31. Kg3 Bc8 32. Kf4 Nc6 33. Bd3 a5 34. Kg3 Kg7 35. Be2 Nb4 36. Bxb4 axb4 37. Kf4 Kf7 38. Ke3 Ke7 39. f4 Bb7 40. gxf5 gxf5 41. Bd3 Kf7 42. Kd2 Kg6 43. Be2 Be4 44. Kc1 Bg2 45. Kb2 Bh3 46. a3 Bg4 47. Bf1 Kh5 48. axb4 cxb4 49. c5 bxc5 50. Bc4 Kxh4 51. Bxe6 Kg3 52. Bf7 Kxf4 53. e6 Bf3 54. e7 Bc6 55. Kc2 Kg4 56. Kd2 h5 57. Ke3 h4 58. e8Q Bxe8 59. Bxe8 Kg3 60. Bc6 h3 61. Ke2 f4 62. Bd5 h2 63. Bf3 c4 64. bxc4 b3 65. c5 b2 66. Be4 h1Q 67. Bxh1 b1Q 68. c6 Qxh1 69. c7 0-1

[Event "Padova op-A 13th"]
[Site "Padova"]
[Date "2010.12.12"]
[Round "1.14"]
[White "Santolini, Luigi"]
[Black "Militello, Michele"]
[Result "1-0"]
[WhiteElo "2235"]
[BlackElo "1817"]
[PlyCount "123"]
[EventDate "2010.12.12"]
[EventType "swiss"]
[EventRounds "9"]
[EventCountry "ITA"]
[SourceTitle "EXT 2024"]
[Source "ChessBase"]
[SourceDate "2023.10.10"]
[SourceVersion "1"]
[SourceVersionDate "2023.10.10"]
[SourceQuality "1"]

1. d4 d6 2. c4 Nf6 3. Nc3 Nbd7 4. Nf3 e5 5. g3 Be7 6. Bg2 0-0 7. e4 c6 8. 0-0 Re8 9. h3 a6 10. d5 Nc5 11. Qe2 a5 12. dxc6 bxc6 13. Rd1 Qc7 14. b3 Bd7 15. Qc2 Ne6 16. Be3 Rec8 17. Kh2 Qb7 18. c5 Nxc5 19. Bxc5 dxc5 20. Nxe5 Be8 21. Na4 Qb5 22. Rac1 Rd8 23. Bf1 Qb4 24. Bc4 Rxd1 25. Rxd1 Rc8 26. Nd3 Qb8 27. Ndxc5 h5 28. Be2 h4 29. Qc3 Bd6 30. Kg2 Be5 31. Qd3 hxg3 32. fxg3 Qc7 33. Qe3 Nh7 34. Nd3 Bf6 35. Qf4 Qe7 36. e5 Bg5 37. Qc4 Bd7 38. Nac5 Bf5 39. Bf3 Be3 40. Re1 Bd2 41. Re2 Bh6 42. Be4 Bxe4+ 43. Nxe4 Ng5 44. Nd6 Rc7 45. h4 Ne6 46. Rf2 Nd8 47. Nf5 Qe6 48. Qxe6 fxe6 49. Nxh6+ gxh6 50. Nc5 Re7 51. Rf6 Kg7 52. Kf3 Rf7 53. Rxf7+ Kxf7 54. Kf4 Kg7 55. a4 h5 56. Ke4 Kf7 57. b4 axb4 58. a5 b3 59. Kd3 b2 60. Kc2 Kg6 61. a6 Kf5 62. a7 1-0

[Event "Recco op-B 4th"]
[Site "Recco"]
[Date "2010.11.28"]
[Round "5"]
[White "Manini, Paolo"]
[Black "Militello, Michele"]
[Result "1/2-1/2"]
[WhiteElo "1776"]
[BlackElo "1817"]
[PlyCount "90"]
[EventDate "2010.11.26"]
[EventType "swiss"]
[EventRounds "5"]
[EventCountry "ITA"]
[SourceTitle "EXT 2023"]
[Source "ChessBase"]
[SourceDate "2022.10.05"]
[SourceVersion "1"]
[SourceVersionDate "2022.10.05"]
[SourceQuality "1"]

1. d4 d6 2. c4 Nf6 3. Nc3 Nbd7 4. e4 e5 5. Nf3 Be7 6. Be2 h6 7. 0-0 c6 8. Ne1 a6 9. Be3 b5 10. a3 Bb7 11. f4 0-0 12. dxe5 dxe5 13. f5 Nc5 14. Qc2 Qc7 15. b4 Ncd7 16. c5 a5 17. Nd3 Nh7 18. Rfd1 axb4 19. axb4 Ra6 20. Rxa6 Bxa6 21. Ra1 Ra8 22. Ra5 Qc8 23. Qa2 Bd8 24. Ra3 Bb7 25. Rxa8 Qxa8 26. Qxa8 Bxa8 27. g3 Bc7 28. Bd1 Bb7 29. Bb3 Kf8 30. Kf2 Ke7 31. g4 f6 32. h4 Ndf8 33. Kg3 Ke8 34. Nd1 Bd8 35. N1f2 Nd7 36. Nh3 Kf8 37. Ne1 Nb8 38. Nf3 Na6 39. Bd2 Bc8 40. h5 Bd7 41. Nh4 Be8 42. Be6 Ng5 43. Nxg5 hxg5 44. Ng6+ Bxg6 45. fxg6 Nb8 1/2-1/2

[Event "Venice Autumn op 16th"]
[Site "Venice"]
[Date "2010.11.01"]
[Round "4.24"]
[White "Militello, Michele"]
[Black "Di Lascio, Savino"]
[Result "0-1"]
[WhiteElo "1814"]
[BlackElo "1921"]
[PlyCount "70"]
[EventDate "2010.10.30"]
[EventType "swiss"]
[EventRounds "5"]
[EventCountry "ITA"]
[SourceTitle "EXT 2011"]
[Source "ChessBase"]
[SourceDate "2010.11.26"]
[SourceVersion "1"]
[SourceVersionDate "2010.11.26"]
[SourceQuality "1"]

1. d4 Nf6 2. Nf3 e6 3. e3 b6 4. Bd3 Bb7 5. Nbd2 c5 6. 0-0 Nc6 7. Re1 Rc8 8. c3 Be7 9. Qe2 0-0 10. Ba6 Bxa6 11. Qxa6 Qc7 12. a3 Rfd8 13. h3 d5 14. Qe2 Ne4 15. Nxe4 dxe4 16. Nd2 f5 17. f3 cxd4 18. exd4 e5 19. Qc4+ Kh8 20. d5 Bc5+ 21. Kh1 Na5 22. Qa2 Bf2 23. Re2 e3 24. Nf1 f4 25. Bd2 Qc4 26. Qxc4 Nxc4 27. Be1 Bxe1 28. Raxe1 Rxd5 29. g3 a5 30. Kg2 a4 31. Nh2 h5 32. h4 Rcd8 33. Kh3 Rd2 34. g4 g6 35. gxh5 gxh5 0-1

[Event "Carignano Mo Memorial 5th"]
[Site "Carignano"]
[Date "2010.05.07"]
[Round "1"]
[White "Militello, Michele"]
[Black "Petkov, Vladimir"]
[Result "0-1"]
[WhiteElo "1835"]
[BlackElo "2498"]
[PlyCount "42"]
[EventDate "2010.05.07"]
[EventType "swiss"]
[EventRounds "5"]
[EventCountry "ITA"]
[SourceTitle "EXT 2024"]
[Source "ChessBase"]
[SourceDate "2023.10.10"]
[SourceVersion "1"]
[SourceVersionDate "2023.10.10"]
[SourceQuality "1"]

1. d4 Nf6 2. Nf3 e6 3. e3 c5 4. Bd3 Nc6 5. 0-0 d5 6. b3 cxd4 7. exd4 Bd6 8. Bb2 Ne4 9. Nbd2 f5 10. Ne5 0-0 11. c4 Bd7 12. a3 Be8 13. Rc1 Qh4 14. Ndf3 Qh6 15. Nxc6 Bxc6 16. Rc2 dxc4 17. Bxc4 Ng5 18. Ne5 Bxe5 19. dxe5 Rad8 20. Qc1 Nf3+ 21. gxf3 Qg6+ 0-1